[Event "Challenge"]
[Site "http://www.queenalice.com/game.php?id=1059301"]
[Date "2012.5.13"]
[Round "-"]
[White "soudeDeus"]
[Black "ninjoewarrior"]
[Result "0-1"]
[WhiteElo "1499"]
[BlackElo "1341"]

1. g3 e5 2. Bg2 d5 3. b3 Bf5 4. c4 Bxb1 5. Rxb1 e4 6. d3 Bb4+ 7. Kf1 f5 8. Bb2
Nf6 9. dxe4 dxe4 10. Qxd8+ Kxd8 11. a3 Be7 12. f3 exf3 13. Bxf3 c6 14. Nh3 Ne8
15. Rd1+ Kc7 16. g4 Rf8 17. Kg2 g6 18. Nf4 Kb6 19. gxf5 Rxf5 20. Ne6 Nc7 21.
Nxc7 Kxc7 22. a4 Na6 23. Be4 Rg5+ 24. Kf3 Rf8+ 25. Ke3 Bc5+ 26. Kd3 Nb4+ 27. Kc3
Re5 28. Bf3 Re3+ 29. Kd2 Rxb3 30. Be5+ Kb6 31. h4 Bf2 32. h5 Rd8+ 33. Kc1 Be3+
34. Rd2 Bxd2+ 35. Kd1 Be3+ 36. Bd4+ Rxd4+ 37. Ke1 Rb1# 0-1

[Event "Let's Play Chess!"]
[Site "http://www.queenalice.com/game.php?id=1061793"]
[Date "2012.5.20"]
[Round "-"]
[White "ninjoewarrior"]
[Black "igorjava"]
[Result "1-0"]
[WhiteElo "1608"]
[BlackElo "1925"]

1. g3 d5 2. Bg2 e5 3. d4 e4 4. c4 c6 5. cxd5 cxd5 6. Bh3 f5 7. e3 Nf6 8. Ne2 Nc6
9. O-O Bd6 10. a3 O-O 11. Nbc3 a6 12. b4 b5 13. Qc2 Bd7 14. f3 Rc8 15. Qb3 Ne7
16. a4 bxa4 17. Nxa4 Bb5 18. Nac3 Bc4 19. Qa4 Rb8 20. Ba3 Qb6 21. Rab1 Bb5 22.
Nxb5 Qxb5 23. Qxb5 Rxb5 24. Nc3 Rb7 25. fxe4 fxe4 26. Be6+ Kh8 27. g4 h6 28. h4
Rfb8 29. g5 hxg5 30. hxg5 Nd7 31. Nxd5 Nxd5 32. Bxd5 Rb6 33. Kg2 Bxb4 34. Rh1+
Rh6 35. Bxb4 Rxh1 36. Rxh1# 1-0

[Event "AUTO-OPEN-2691"]
[Site "http://www.queenalice.com/game.php?id=1061966"]
[Date "2012.5.21"]
[Round "1"]
[White "fluffybunnyfeet"]
[Black "ninjoewarrior"]
[Result "1-0"]
[WhiteElo "2127"]
[BlackElo "1341"]

1. e4 e6 2. d4 d5 3. Nc3 a6 4. Nf3 Bb4 5. e5 Bxc3+ 6. bxc3 h6 7. c4 dxc4 8. Bxc4
b5 9. Be2 Qd5 10. O-O Bb7 11. c4 bxc4 12. Qc2 Ne7 13. Bxc4 Qc6 14. Ba3 Nd7 15.
Rfc1 Nb6 16. Bxe7 Kxe7 17. Qb3 Qd7 18. Qb4+ Kd8 19. Be2 a5 20. Qc5 Nd5 21. Rab1
Nf4 22. Qc2 Bd5 23. Bb5 Qe7 24. Bc6 Bxc6 25. Qxc6 Rc8 26. Rc5 Qe8 27. Qa6 Ke7
28. Rxc7+ Rxc7 29. Qd6# 1-0

[Event "AUTO-OPEN-2691"]
[Site "http://www.queenalice.com/game.php?id=1061986"]
[Date "2012.5.21"]
[Round "1"]
[White "Robert_Faria"]
[Black "ninjoewarrior"]
[Result "0-1"]
[WhiteElo "1739"]
[BlackElo "1614"]

1. d4 d5 2. c4 dxc4 3. Nc3 e6 4. e4 c5 5. d5 Nf6 6. Bg5 Be7 7. Bxf6 Bxf6 8. Bxc4
Bxc3+ 9. bxc3 a6 10. Nf3 b5 11. Bb3 c4 12. Bc2 O-O 13. d6 Nd7 14. O-O Bb7 15. a4
e5 16. axb5 axb5 17. Qd2 Qf6 18. Rfe1 Nc5 19. Qe3 Qxd6 20. Rad1 Qc7 21. Qg5 f6
22. Qf5 Ra3 23. Nh4 Rxc3 24. Re3 Rxc2 25. Ng6 Qd8 26. Ree1 hxg6 27. Rxd8 gxf5
28. Rxf8+ Kxf8 0-1

[Event "AUTO-OPEN-2691"]
[Site "http://www.queenalice.com/game.php?id=1061987"]
[Date "2012.5.21"]
[Round "1"]
[White "ninjoewarrior"]
[Black "Robert_Faria"]
[Result "1-0"]
[WhiteElo "1480"]
[BlackElo "1750"]

1. e4 c5 2. Nf3 Nc6 3. d4 cxd4 4. Nxd4 Nf6 5. Nxc6 bxc6 6. Nc3 d6 7. Bc4 Ng4 8.
Qf3 Ne5 9. Qe2 e6 10. Bf4 Nxc4 11. Qxc4 Bb7 12. O-O-O Be7 13. Qb4 Qd7 14. Bxd6
Bxd6 15. Rxd6 Qe7 16. f4 O-O 17. Rhd1 Ba6 18. g3 Rad8 19. e5 f6 20. exf6 Rxf6
21. Rxd8+ Rf8 22. Qxe7 1-0

[Event "AUTO-OPEN-2691"]
[Site "http://www.queenalice.com/game.php?id=1061996"]
[Date "2012.5.21"]
[Round "1"]
[White "sss"]
[Black "ninjoewarrior"]
[Result "0-1"]
[WhiteElo "1237"]
[BlackElo "1734"]

1. e4 c5 2. Nf3 e6 3. d4 d5 4. Nc3 dxe4 5. Nxe4 cxd4 6. Nxd4 a6 7. Be3 g6 8. Bg5
Be7 9. Bxe7 Qxe7 10. c3 Nh6 11. Bd3 O-O 12. O-O e5 13. Nf3 Rd8 14. Qe2 Nc6 15.
Rad1 Bf5 16. b4 Bxe4 17. Bxe4 Re8 18. Bxc6 bxc6 19. a3 a5 20. Qc4 Qe6 21. Qxe6
Rxe6 22. h3 axb4 23. axb4 e4 24. Nd4 Rd6 25. Rfe1 Re8 26. c4 f5 27. b5 Red8 28.
bxc6 Rxd4 29. c7 Rxd1 30. Rxd1 Rxd1+ 31. Kh2 Rc1 32. c8=Q+ Kg7 33. c5 Ng8 34. c6
Ne7 35. Qd7 Kf8 36. c7 Rc3 37. Qd8+ Kf7 38. Kg1 Rc1+ 39. Kh2 f4 40. g3 fxg3+ 41.
Kxg3 h6 42. h4 Ke6 43. Kf4 Rc4 44. f3 Nd5+ 0-1

[Event "AUTO-OPEN-2691"]
[Site "http://www.queenalice.com/game.php?id=1061997"]
[Date "2012.5.21"]
[Round "1"]
[White "ninjoewarrior"]
[Black "sss"]
[Result "1-0"]
[WhiteElo "1702"]
[BlackElo "1100"]

1. g3 d5 2. d4 e6 3. Bg2 Nf6 4. Nc3 a6 5. a3 Bd6 6. e4 dxe4 7. Bg5 Nbd7 8. Nxe4
h6 9. Nxf6+ Nxf6 10. Be3 Rb8 11. c4 b6 12. Qc2 O-O 13. Rd1 Bb7 14. Bxb7 Rxb7 15.
c5 bxc5 16. dxc5 Qe7 17. cxd6 cxd6 18. Rd4 d5 19. Rh4 Rc7 20. Qd2 Kh7 21. Bxh6
1-0

[Event "Challenge"]
[Site "http://www.queenalice.com/game.php?id=1072422"]
[Date "2012.6.15"]
[Round "-"]
[White "soudeDeus"]
[Black "ninjoewarrior"]
[Result "0-1"]
[WhiteElo "1591"]
[BlackElo "1690"]

1. g3 d5 2. b3 d4 3. Bb2 e5 4. Bg2 Qf6 5. e3 Nc6 6. Na3 a6 7. c3 dxe3 8. dxe3
Bc5 9. c4 Qe7 10. Qe2 Bxa3 11. Bxa3 Qxa3 12. f4 Nge7 13. Nh3 Qb4+ 14. Qd2 Bxh3
15. Bxh3 Qxd2+ 16. Kxd2 Rd8+ 17. Ke2 exf4 18. exf4 Nd4+ 19. Kf2 O-O 20. b4 Nc2
21. Rac1 Nxb4 22. a3 Nd3+ 23. Kf3 Nxc1 24. Rxc1 Rd3+ 25. Ke2 Rxa3 26. Bg2 Ra2+
27. Kf1 c6 28. h4 Nf5 29. Re1 Nxg3+ 30. Kg1 Ne2+ 31. Kf1 Nxf4 32. Bh1 Nh3 33.
Re2 Rxe2 34. Kxe2 Re8+ 35. Kf3 a5 36. Kg3 Ng1 37. Kf2 Ne2 38. Bf3 Nd4 39. Bg2 a4
40. Kg3 a3 41. Bh3 a2 42. Bd7 Re3+ 43. Kf4 Re7 44. Bc8 a1=Q 45. c5 Qa3 46. h5
Qf3+ 47. Kg5 h6+ 48. Kh4 Re4+ 49. Bg4 Qxg4# 0-1

[Event "Challenge"]
[Site "http://www.queenalice.com/game.php?id=1072423"]
[Date "2012.6.15"]
[Round "-"]
[White "soudeDeus"]
[Black "ninjoewarrior"]
[Result "1-0"]
[WhiteElo "1669"]
[BlackElo "1702"]

1. g3 g6 2. Bg2 Bg7 3. c3 Nf6 4. b3 d5 5. Bb2 e5 6. Na3 Bd7 7. e3 e4 8. Rb1 Nc6
9. f3 Ne5 10. Qe2 Nd3+ 11. Kd1 Bf8 12. fxe4 dxe4 13. c4 Nxb2+ 14. Rxb2 Bg4 15.
Nf3 Bxa3 16. Rc2 exf3 17. Bxf3 Bxf3 18. Qxf3 c6 19. Rf1 Be7 20. d4 O-O 21. a4 h5
22. Rd2 Qa5 23. d5 1-0

[Event "Challenge"]
[Site "http://www.queenalice.com/game.php?id=1072424"]
[Date "2012.6.15"]
[Round "-"]
[White "soudeDeus"]
[Black "ninjoewarrior"]
[Result "0-1"]
[WhiteElo "1649"]
[BlackElo "1564"]

1. g3 Nf6 2. Bg2 e5 3. b3 d5 4. Bb2 d4 5. Na3 e4 6. e3 c5 7. h3 Nc6 8. d3 dxe3
9. fxe3 exd3 10. cxd3 Nd5 11. e4 Ne3 12. Qe2 Qa5+ 13. Kf2 Nxg2 14. Kxg2 Be6 15.
Rb1 Nd4 16. Qe3 Rd8 17. Nf3 Nxf3 18. Qxf3 Qd2+ 19. Qf2 Qxd3 20. Rhe1 f6 21. Rbd1
Qa6 22. Nc2 Qxa2 23. Rb1 Bxb3 24. Qe2 Qa5 25. Rec1 Rd2 26. Kf2 Bc4 27. Qxd2
Qxd2+ 28. Kf3 Qe2+ 29. Kf4 g5+ 30. Kf5 Qf3# 0-1

[Event "Challenge"]
[Site "http://www.queenalice.com/game.php?id=1072425"]
[Date "2012.6.15"]
[Round "-"]
[White "soudeDeus"]
[Black "ninjoewarrior"]
[Result "1-0"]
[WhiteElo "1686"]
[BlackElo "1648"]

1. g3 e5 2. Bg2 d5 3. b3 Bc5 4. Bb2 Qf6 5. e3 d4 6. c3 Nh6 7. Na3 c6 8. cxd4
exd4 9. exd4 Bxd4 10. Bxd4 Qxd4 11. Rc1 Ng4 12. Qe2+ Qe5 13. Qxe5+ Nxe5 14. Ke2
O-O 15. f4 Bg4+ 16. Bf3 Bxf3+ 17. Nxf3 Nxf3 18. Kxf3 Nd7 19. Nc4 b6 20. Nd6 c5
21. Rhe1 Nf6 22. g4 Rfd8 23. Ne4 Nxe4 24. Rxe4 Rxd2 25. Rce1 1-0

[Event "Challenge"]
[Site "http://www.queenalice.com/game.php?id=1072562"]
[Date "2012.6.16"]
[Round "-"]
[White "Admilton"]
[Black "ninjoewarrior"]
[Result "0-1"]
[WhiteElo "1551"]
[BlackElo "1668"]

1. Nf3 c5 2. e4 e6 3. d3 g6 4. Bd2 d5 5. Bc3 d4 6. Bd2 Nc6 7. Bg5 Be7 8. h4 h6
9. Bxe7 Ngxe7 10. Nbd2 Qc7 11. Nb3 Na5 12. c4 e5 13. Nxa5 Qxa5+ 14. Qd2 Qxd2+
15. Nxd2 Nc6 16. a3 O-O 17. g3 f5 18. f3 fxe4 19. fxe4 Bg4 20. Bg2 Rf6 21. Rf1
Rxf1+ 22. Nxf1 g5 23. Nd2 Ne7 24. hxg5 hxg5 25. Kf2 Rf8+ 26. Bf3 Bxf3 27. Nxf3
g4 28. Ke2 Rxf3 29. b4 Rxg3 30. b5 b6 31. Kf2 Rxd3 32. Rg1 Rf3+ 33. Ke2 Rf4 34.
Rh1 Rxe4+ 35. Kd3 Re3+ 36. Kc2 Rxa3 37. Rg1 g3 38. Kb2 Rc3 39. Ra1 g2 40. Rg1
Rg3 41. Kc2 d3+ 42. Kd2 e4 43. Ke1 e3 44. Kd1 Ng6 0-1

[Event "Challenge"]
[Site "http://www.queenalice.com/game.php?id=1079140"]
[Date "2012.7.4"]
[Round "-"]
[White "ninjoewarrior"]
[Black "MONSTERXADREZ"]
[Result "0-1"]
[WhiteElo "1607"]
[BlackElo "1576"]

1. e4 e5 2. Nf3 d6 3. h3 Be7 4. d4 exd4 5. Nxd4 c5 6. Nf5 Bf6 7. Bb5+ Nd7 8.
Nxd6+ Kf8 9. Nxc8 Qxc8 10. Bxd7 Qc7 11. Bg4 Qa5+ 12. Qd2 Qxd2+ 13. Nxd2 Ne7 0-1

[Event "Challenge"]
[Site "http://www.queenalice.com/game.php?id=1092160"]
[Date "2012.8.11"]
[Round "-"]
[White "Shizumaru_Hisame"]
[Black "ninjoewarrior"]
[Result "0-1"]
[WhiteElo "1652"]
[BlackElo "1711"]

1. e3 e5 2. d4 exd4 3. exd4 d5 4. Nf3 c5 5. Bg5 f6 6. Be3 c4 7. Nbd2 b5 8. b3
Be6 9. a4 Qb6 10. axb5 Qxb5 11. Ra4 Bb4 12. Qa1 Bxd2+ 13. Nxd2 Nc6 14. Be2 Nb4
15. Bd1 cxb3 16. Nxb3 Bf5 17. Rxa7 Rxa7 18. Qxa7 Ne7 19. Kd2 Kf7 20. Na1 Qc6 21.
Qa3 Qb7 22. Qb3 Qa7 23. Bf3 Qa5 24. c3 Nbc6 25. Qd1 Rb8 26. Nc2 Rb2 27. Bg4
Rxc2+ 28. Ke1 Qxc3+ 29. Kf1 Bxg4 30. Qxg4 Qa1+ 31. Bc1 Qxc1+ 32. Qd1 Qxd1# 0-1

[Event "Challenge"]
[Site "http://www.queenalice.com/game.php?id=1100443"]
[Date "2012.9.6"]
[Round "-"]
[White "ninjoewarrior"]
[Black "constantin"]
[Result "1-0"]
[WhiteElo "1734"]
[BlackElo "1645"]

1. e4 e5 2. Nf3 Nc6 3. d4 exd4 4. Nxd4 Nxd4 5. Qxd4 Qf6 6. e5 Qe7 7. Qe3 g6 8.
b3 Bg7 9. Bb2 f6 10. exf6 Bxf6 11. Qxe7+ Kxe7 12. Bxf6+ Nxf6 13. Bd3 d6 14. Nc3
a6 15. O-O-O c6 16. Rhe1+ Kd7 17. Na4 Rb8 18. f3 Re8 19. Bf1 Kc7 20. c4 b5 21.
Nc3 b4 22. Ne4 Nxe4 23. fxe4 c5 24. Re3 Be6 25. Be2 a5 26. Bf3 g5 27. h3 Re7 28.
e5 Rd8 29. exd6+ Rxd6 30. Re5 Rxd1+ 31. Bxd1 Kd6 32. Rxg5 h6 33. Rg6 Ke5 34.
Rxh6 Kf4 35. g4 Kg5 36. Rh5+ Kf4 37. Rxc5 Ra7 38. Bc2 Kg3 39. Rh5 Rf7 40. Bf5
Bxf5 41. Rxf5 Rh7 42. Rxa5 Rxh3 43. Rh5 Kxg4 44. Rxh3 Kxh3 45. c5 1-0

[Event "Challenge"]
[Site "http://www.queenalice.com/game.php?id=1112502"]
[Date "2012.10.14"]
[Round "-"]
[White "ninjoewarrior"]
[Black "Andrei_78"]
[Result "1-0"]
[WhiteElo "1806"]
[BlackElo "1817"]

1. e4 e5 2. Nf3 d6 3. h3 h6 4. b3 Nf6 5. Nc3 a6 6. d4 exd4 7. Nxd4 Be7 8. Be3
O-O 9. Qd2 c5 10. Nf3 Be6 11. Bd3 Nc6 12. Bf4 Nh5 13. Bxh6 gxh6 14. Qxh6 Ng7 15.
O-O f6 16. Nh4 Ne5 17. Be2 Nf7 18. Qe3 Ne5 19. f4 f5 20. Nf3 Nxf3+ 21. Bxf3 fxe4
22. Nxe4 d5 23. Nxc5 Bxc5 24. Qxc5 Rc8 25. Qb4 Rc7 26. Rf2 Qf6 27. Rd1 b5 28.
Bxd5 Bxd5 29. Rxd5 Qa1+ 30. Kh2 Qf6 31. Rd6 Qe7 32. Qd2 Nf5 33. Rxa6 Nd6 34.
Qxd6 Qf7 35. Qg6+ Qxg6 36. Rxg6+ Kh7 37. Rg5 Kh6 38. Rxb5 Rc6 39. f5 Ra6 40. a4
Kg7 41. g4 Kf6 42. h4 Re8 43. Rb7 Re4 44. g5+ Ke5 45. Re7+ Kd5 46. Rd2+ Rd4 47.
Rd7+ Rd6 48. Rxd4+ Ke5 49. R4xd6 Kxf5 50. Re7 Kg4 51. Re4+ Kf5 52. Rdd4 Kg6 53.
Rf4 Kh5 54. Rd7 Kg6 55. Rdf7 1-0

[Event "Challenge"]
[Site "http://www.queenalice.com/game.php?id=1117141"]
[Date "2012.10.29"]
[Round "-"]
[White "marcos94"]
[Black "ninjoewarrior"]
[Result "0-1"]
[WhiteElo "1803"]
[BlackElo "1844"]

1. e4 e6 2. d4 d5 3. Nc3 Bb4 4. e5 Bxc3+ 5. bxc3 b6 6. Qg4 g6 7. Nf3 Qe7 8. Bd3
Ba6 9. O-O c5 10. dxc5 Bxd3 11. cxd3 Qxc5 12. Be3 Qc7 13. c4 dxc4 14. Rac1 c3
15. Qe4 Qc6 16. Rxc3 Qxe4 17. dxe4 Na6 18. Ra3 Nb4 19. Bxb6 Nc6 20. Rc1 Nge7 21.
Bc5 O-O 22. Bxe7 Nxe7 23. Rc7 Rfd8 24. g3 Nc8 25. Ng5 Rf8 26. Rf3 a5 27. Rfxf7
Rxf7 28. Nxf7 Ra7 29. Rxa7 Nxa7 30. Nd8 Nb5 31. Nxe6 Nc3 32. Nc5 Nxa2 33. f4 Nc3
34. f5 a4 35. Kf2 a3 36. Ke3 Na4 37. Nb3 a2 38. Kd4 Nb2 0-1

[Event "Challenge2"]
[Site "http://www.queenalice.com/game.php?id=1117144"]
[Date "2012.10.29"]
[Round "-"]
[White "OiregorChessMaster"]
[Black "ninjoewarrior"]
[Result "0-1"]
[WhiteElo "1668"]
[BlackElo "1752"]

1. d4 g6 2. e4 d6 3. Be3 Bg7 4. Nf3 Bg4 5. Nbd2 Nf6 6. Bd3 e5 7. h3 Bxf3 8. Nxf3
Nbd7 9. Bg5 c5 10. dxe5 dxe5 11. Bb5 Qa5+ 12. Qd2 Qxb5 13. O-O-O Nxe4 14. Qe3
Nxg5 15. Qxg5 O-O 16. c3 Rfe8 17. Rhe1 c4 0-1

[Event "Challenge"]
[Site "http://www.queenalice.com/game.php?id=1118532"]
[Date "2012.11.3"]
[Round "-"]
[White "ramonigerpawn"]
[Black "ninjoewarrior"]
[Result "0-1"]
[WhiteElo "1751"]
[BlackElo "1788"]

1. d4 d5 2. c4 Be6 3. Nc3 dxc4 4. d5 Bd7 5. e4 b5 6. Nf3 g6 7. a4 b4 8. Na2 a5
9. Bxc4 Bg7 10. Rb1 Nf6 11. Qc2 c6 12. e5 Nxd5 13. Bg5 Bf5 14. Bd3 Bxd3 15. Qxd3
O-O 16. Nc1 Qc7 17. Qe4 Na6 18. Nb3 Nb6 19. e6 f6 20. Bf4 Qc8 21. Qe3 Nd5 22.
Qc1 Qxe6+ 23. Be3 Nf4 24. O-O Ne2+ 0-1

[Event "Challenge"]
[Site "http://www.queenalice.com/game.php?id=1120324"]
[Date "2012.11.8"]
[Round "-"]
[White "dietanov"]
[Black "ninjoewarrior"]
[Result "0-1"]
[WhiteElo "1720"]
[BlackElo "1770"]

1. e4 e5 2. Nf3 Qf6 3. Bc4 Bc5 4. O-O Nc6 5. c3 Be7 6. d4 exd4 7. cxd4 d6 8. Be3
Qg6 9. Re1 Nf6 10. e5 dxe5 11. dxe5 Ng4 12. Bf4 Bc5 13. Bg3 Be6 14. Bxe6 Qxe6
15. Nc3 Rd8 16. Qc2 Be7 17. Rad1 O-O 18. h3 Rxd1 0-1

[Event "Making Friends..."]
[Site "http://www.queenalice.com/game.php?id=1126327"]
[Date "2012.11.27"]
[Round "-"]
[White "ninjoewarrior"]
[Black "Vladimir"]
[Result "1-0"]
[WhiteElo "1826"]
[BlackElo "1826"]

1. e4 e5 2. Nf3 Nc6 3. d4 exd4 4. Nxd4 Nxd4 5. Qxd4 d6 6. Bc4 Nf6 7. Nc3 c5 8.
Qd3 Bg4 9. h3 Bh5 10. Bg5 h6 11. Bb5+ Ke7 12. Bxf6+ Kxf6 13. Nd5+ Ke6 14. Nf4+
Ke7 15. Nxh5 g6 16. Nf4 Bg7 17. c3 a6 18. Bc4 Re8 19. Qd5 Rf8 20. Nxg6+ fxg6 21.
Qe6# 1-0

[Event "Challenge"]
[Site "http://www.queenalice.com/game.php?id=1141436"]
[Date "2013.1.16"]
[Round "-"]
[White "Vonrunstedt"]
[Black "ninjoewarrior"]
[Result "0-1"]
[WhiteElo "1905"]
[BlackElo "1860"]

1. e4 e6 2. d4 d5 3. exd5 exd5 4. Bd3 Be6 5. Ne2 c5 6. dxc5 Bxc5 7. Nbc3 a6 8.
O-O Nf6 9. Bg5 Bd6 10. Kh1 h6 11. Bh4 Be7 12. Bxf6 Bxf6 13. Nf4 Bxc3 14. bxc3
O-O 15. Qe2 Qf6 16. Qe3 Nd7 17. Rfe1 Rfe8 18. Qg3 Rac8 19. Nxe6 Rxe6 20. c4 dxc4
21. Be4 Rxe4 22. Red1 Rce8 23. f3 Re2 24. Rab1 Qc3 25. h3 Nf6 26. Rxb7 Qxc2 27.
Rdb1 Nh5 28. Qg4 Re1+ 29. Rxe1 Rxe1+ 30. Kh2 Qg6 31. Qh4 Re2 0-1